NewJeans - Toutes les chansons - Statistiques

Statistiques générales
  • Ce quiz a été pris 162 fois
    75 depuis la dernière actualisation
  • Le résultat moyen est 29 sur 37
Statistiques - réponses
Hint Réponse % Correct
Supernatural 1 Supernatural
96%
Supernatural 3 Supernatural (Instrumental)
96%
New Jeans 1 Attention
94%
NJWMX 3 Attention (250 Remix)
94%
NJWMX 9 Attention (250 Remix) (Instrumental)
94%
How Sweet 1 How Sweet
92%
How Sweet 3 How Sweet (Instrumental)
92%
Get Up 1 New Jeans
92%
Get Up 2 Super Shy
92%
New Jeans 2 Hype Boy
88%
NJWMX 4 Hype Boy (250 Remix)
88%
NJWMX 10 Hype Boy (250 Remix) (Instrumental)
88%
New Jeans 3 Cookie
85%
NJWMX 5 Cookie (FRNK Remix)
85%
NJWMX 11 Cookie (FRNK Remix) (Instrumental)
85%
Singles 2022 Ditto
85%
NJWMX 1 Ditto (250 Remix)
85%
NJWMX 7 Ditto (250 Remix) (Instrumental)
85%
Get Up 3 ETA
85%
Get Up 5 Get Up
83%
How Sweet 2 Bubble Gum
77%
How Sweet 4 Bubble Gum (Instrumental)
77%
Singles 2023 OMG
77%
NJWMX 2 OMG (FRNK Remix)
77%
NJWMX 8 OMG (FRNK Remix) (Instrumental)
77%
Get Up 4 Cool With You
75%
New Jeans 4 Hurt
75%
NJWMX 6 Hurt (250 Remix)
75%
NJWMX 12 Hurt (250 Remix) (Instrumental)
75%
Singles 2023 Zero
75%
Get Up 6 ASAP
73%
Supernatural 2 Right Now
73%
Supernatural 4 Right Now (Instrumental)
73%
Singles 2023 GODS pour League of Legends
63%
Singles 2023 Our Night is more beautiful than your Day pour My Demon
33%
Singles 2023 Beautiful Restriction pour A Time Called You
29%
Collaborations 2023 Be Who You Are (Real Magic) de Jon Batiste
25%
Aucun quiz correspondant
Distribution des résultats
% des personnes avec chaque résultat
Percentile par nombre de réponses
Votre historique - résultats
Vous n’avez pas pris ce quiz depuis la dernière actualisation